Pokémon Anime Trivia - Johto Edition - Statistics

General Stats
  • This quiz has been taken 68 times
  • The average score is 10 of 15
Answer Stats
Question Answer % Correct
Ash caught a shiny Pokémon for the first time in the Johto region. What was it? Noctowl
96%
There was a weird pokeball that would not shrink that Ash and Co. were asked to bring to Kurt in the Johto anime. What was this mysterious ball? GS Ball
93%
Ash battles Whitney the Gym leader in the Johto region. What pokemon is she infamous for in the games, and is also used in the anime? Miltank
85%
When Ash faces Gary in the Silver Conference, it comes down to which two pokemon at the end of the battle? Charizard and Blastoise
78%
While waiting for Jasmine to be able to battle Ash what tournament to Ash and Misty participate in? Whirl Cup
78%
Ash has a pokemon travel with him in the Johto Region that is looking for its' mother. What kind of pokemon is it looking for? A Tyranitar
74%
There is a girl who is obsessed with baseball and the colors black and yellow that Ash gives a Beedrill to from the bug catching contest? What is her name? Casey
74%
Price is a bitter old man in the Anime when Ash meets him. Why is this the case? He believes his Piloswine abandoned him
74%
Ash and Co. encounter a red Gyarados at the Lake of Rage that is rampaging. What is the fate of this pokemon? Lance captures the Gyarados
70%
Which opponent does Ash lose to in the Silver Conference? Harrison
67%
Ash has a great battle with Clair culminating with a flaming Seismic Toss by Charizard to defeat her Dragonair. Which Pokemon of Ash's defeats her Kingdra? His Snorlax
67%
Charizard gets some romance in the Johto region in the Charific Valley with Charla. Who runs this area for Charizards? Liza
67%
What is the first Pokémon that Ash catches in the Johto Region? Heracross
56%
Misty's Togepi gets lost in one episode and is found and helped to safety by another pokemon. Which Pokémon helps the little egg? Houndoom
56%
In the Silver Conference, Ash must fight a preliminary battle to get into the top 48. Who does he defeat in the battle? Salvador
11%
No matching quizzes found
Score Distribution
Percent of People with Each Score
Percentile by Number Answered
Your Score History
You have not taken this quiz